Sanat: "Mä elän" - Laura Närhi - Statistics

Yleistilastot
  • Tätä visaa on pelattu 7 kertaa
  • Keskiarvotulos 159 / 185
Vastaustilastot
Vastaus % Oikein
antaa
100%
elän
100%
en
100%
En
100%
että
100%
ja
100%
kun
100%
kuuluu
100%
100%
100%
100%
mulle
100%
niin
100%
pelko
100%
poistuu
100%
se
100%
sen
100%
sitä
100%
tuntuu
100%
vaan
100%
aamulla
80%
enää
80%
huomasin
80%
jäin
80%
jätit
80%
jolloin
80%
joo
80%
jotain
80%
kaikki
80%
koskaan
80%
kuin
80%
kuolen
80%
läpi
80%
liikennevaloihin
80%
maailma
80%
menneeseen
80%
mereltä
80%
minuun
80%
mitä
80%
mua
80%
mun
80%
mut
80%
muut
80%
nojaan
80%
nukahtaa
80%
nyt
80%
ollut
80%
on
80%
oo
80%
ottaa
80%
Pääni
80%
päin
80%
päivä
80%
päivät
80%
palaamaan
80%
peittona
80%
pelottanut
80%
pysähdyin
80%
rakastaa
80%
sattuu
80%
sekä
80%
siinä
80%
sillä
80%
sisämaahan
80%
suojelemaan
80%
suru
80%
syliin
80%
Tää
80%
tahdon
80%
Tänään
80%
Tulee
80%
tulee
80%
tuu
80%
tuulee
80%
tuuleen
80%
varjona
80%
vielä
80%
aamuun
60%
asti
60%
hengissä
60%
jää
60%
jäljelle
60%
josta
60%
kii
60%
kiinni
60%
minussa
60%
näin
60%
oon
60%
pitää
60%
pitänyt
60%
rivitalon
60%
saa
60%
sua
60%
takaisin
60%
tanssia
60%
unelmii
60%
väistynyt
60%
kaide
40%
kantapäässä
40%
mitään
40%
terassilla
40%
Ehtoja vastaavia visoja ei löytynyt
Tulosjakauma
Jokaisen tuloksen saaneiden osuus
Persentiili vastausten määrän mukaan
Tuloshistoriasi
Et ole pelannut tätä visaa